000 00641nam a2200241Ia 4500
003 OSt
005 20221005040102.0
006 a|||||r|||| 00| 0
007 ta
008 221004b |||||||| |||| 00| 0 eng d
024 _a59960
037 _cTextual
040 _aCRL
_cCRL
_beng
041 _2eng
_aeng
082 _aY73(Q2)-592:3, M6
100 _aSaraf Samarendra
_9137393
245 0 _aHindu caste system and the ritual idiom
260 _aDelhi
_bMittal
_c1986
300 _a203p.
_ccm.
650 _aSOCIOLOGY
942 _hY73(Q2)-592:3, M6
_cTEXL
_2cc
999 _c946325
_d946325